| 000 | 00750cam a22002294a 4500 | ||
|---|---|---|---|
| 001 | 4509501 | ||
| 005 | 20250716170250.0 | ||
| 008 | 981118s1998 miu b 001 0 eng | ||
| 020 |
_a0801021898 _qcloth |
||
| 020 |
_a9780801021893 _q(cloth) |
||
| 041 | 1 |
_aeng _hger |
|
| 050 | 0 | 0 |
_aBS2618 _b.S3313 1998 |
| 082 | 0 | 0 |
_a230/.0415 _221 |
| 100 | 1 |
_aSchlatter, Adolf, _d1852-1938. |
|
| 245 | 1 | 4 |
_aThe theology of the Apostles : _bthe development of New Testament theology / _cAdolf Schlatter ; translated by Andreas J. Köstenberger. |
| 250 | _a[2nd ed.]. | ||
| 260 |
_aGrand Rapids, Mich. : _bBaker Books, _cc1998. |
||
| 300 |
_a452 p. ; _c24 cm. |
||
| 650 | 0 | _aApostles. | |
| 650 | 0 |
_aTheology _xHistory _yEarly church, ca. 30-600. |
|
| 942 |
_2lcc _cBK _n0 |
||
| 999 |
_c7013 _d7013 |
||